Las firmas multinacionales y el proceso de internacionalización / (Record no. 114317)

MARC details
000 -LEADER
campo de control de longitud fija 00558nam a2200169 4500
001 - NÚMERO DE CONTROL
campo de control 114317
003 - IDENTIFICADOR DE NÚMERO DE CONTROL
campo de control ES-MaACL
007 - CAMPO FIJO DE DESCRIPCIÓN FÍSICA--INFORMACIÓN GENERAL
campo de control de longitud fija t|
008 - DATOS DE LONGITUD FIJA--INFORMACIÓN GENERAL
campo de control de longitud fija 061121s1975 sp r ||||1| spa d
100 1# - ENTRADA PRINCIPAL--NOMBRE DE PERSONA
Nombre de persona Palloix, Christian.
9 (RLIN) 88601
245 14 - MENCIÓN DEL TÍTULO
Título Las firmas multinacionales y el proceso de internacionalización /
Mención de responsabilidad, etc. por Christian Palloix ; [traducción de José Luis Alonso].
250 ## - MENCION DE EDICION
Mención de edición [1ª ed.].
260 ## - PUBLICACIÓN, DISTRIBUCIÓN, ETC.
Lugar de publicación, distribución, etc. Madrid [etc.] :
Nombre del editor, distribuidor, etc. Siglo Veintiuno,
Fecha de publicación, distribución, etc. 1975.
300 ## - DESCRIPCIÓN FÍSICA
Extensión 290 p. ;
Dimensiones 18 cm.
700 1# - ENTRADA AGREGADA--NOMBRE PERSONAL
Nombre de persona Alonso, José Luis.
9 (RLIN) 20214
852 ## - LOCALIZACIÓN
Ubicación ES-MaACL
Número de control de estantería E-8479
Sublocalización o colección R.92258
Holdings
Estatus retirado Estado de pérdida Estado de daño No para préstamo Biblioteca de origen Biblioteca actual Ubicación en estantería Fecha de adquisición Fuente de adquisición Total de préstamos Signatura topográfica completa Código de barras Visto por última vez Precio de reemplazo Tipo de ítem Koha
        Biblioteca del Ateneo de Madrid Biblioteca del Ateneo de Madrid Depósito 2 17/01/2008     E-8479 1119220 23/02/2023 23/02/2023 Libro impreso